000 00294nam a22001337a 4500
008 171107b xxu||||| |||| 00| 0 eng d
020 _a9780132423502
041 _aeng
080 _24TH
_a721.053
100 _a62
101 _aAUD
245 _aAUDITING CASES
_cBEASLEY,M.S
942 _2udc
_cBK
999 _c38149
_d38149